[Event "Titled Tue 27th May Late"]
[Site "chess.com INT"]
[Date "2025.05.27"]
[Round "3"]
[White "Bykov, Egor"]
[Black "Idani, Pouya"]
[Result "0-1"]
[WhiteTitle "FM"]
[BlackTitle "GM"]
[WhiteElo "2441"]
[BlackElo "2630"]
[WhiteFideId "34115290"]
[BlackFideId "12510130"]
[EventDate "2025.05.27"]

1. e4 c5 2. Nf3 d6 3. d4 cxd4 4. Nxd4 Nf6 5. Nc3 a6 6. Bc4 e6 7. Bb3 b5 8. f4
Bb7 9. e5 dxe5 10. fxe5 Nfd7 11. Bf4 Nc5 12. Qd2 Nc6 13. Nxc6 Qxd2+ 14. Bxd2
Bxc6 15. O-O Be7 16. Be3 O-O 17. Ne2 Rfd8 18. Rfd1 Nxb3 19. axb3 Rxd1+ 20. Rxd1
h6 21. c3 Bd5 22. b4 Bd8 23. Nf4 Bc6 24. Rd6 Rc8 25. Kf2 Be7 26. Rd1 Kf8 27. g3
Ke8 28. Nh5 Bf8 29. Bc5 Bxc5+ 30. bxc5 Ke7 31. Nxg7 Rg8 32. Nh5 Rg5 33. Nf4 Rxe5
34. Nd3 Rd5 35. Ke3 a5 36. Ra1 a4 37. Rf1 Be8 38. Rf4 f6 39. Rh4 h5 40. Rd4 Rg5
41. Re4 Bg6 42. Rb4 Bxd3 43. Kxd3 Rxc5 44. Kd4 Rd5+ 45. Ke3 Kd6 46. Rf4 f5 47.
Rh4 Kc5 48. Ke2 Re5+ 49. Kd3 Rd5+ 50. Kc2 Re5 51. Kd3 Re1 52. Rxh5 Kd5 53. Rh8
Rh1 54. Rb8 Kc6 55. Rc8+ Kd7 56. Rc5 Rxh2 57. Rxb5 Kd6 58. Ke3 e5 59. Kf3 e4+
60. Ke3 Ke6 61. Rb4 Rg2 62. Rxa4 Rxg3+ 63. Kd4 Rd3+ 64. Kc4 Rd8 65. Ra5 e3 66.
b4 e2 67. Ra1 Rd1 68. Ra8 e1=Q 69. Re8+ Kd7 70. Rxe1 Rxe1 71. Kd5 f4 0-1

[Event "Titled Tue 27th May Late"]
[Site "chess.com INT"]
[Date "2025.05.27"]
[Round "3"]
[White "Petersson, Kjell"]
[Black "Obon Temprano, Sergi"]
[Result "0-1"]
[WhiteTitle "CM"]
[BlackTitle "FM"]
[WhiteElo "2068"]
[BlackElo "2155"]
[WhiteFideId "1705148"]
[BlackFideId "2226545"]
[EventDate "2025.05.27"]

1. d4 d5 2. Bf4 Nf6 3. e3 e6 4. Nf3 Bd6 5. Ne5 Nc6 6. Bb5 O-O 7. Bxc6 bxc6 8.
Nxc6 Qe8 9. Ne5 Qb5 10. Qc1 Ba6 11. Nc3 Qb7 12. Nd3 Bxd3 13. cxd3 Bxf4 14. exf4
Qb4 15. O-O a6 16. Ne2 Rab8 17. b3 Rfc8 18. Qc3 Qb6 19. Rac1 Ne8 20. Qc6 Qa5 21.
Rc2 Nd6 22. Rfc1 Nf5 23. Qd7 h6 24. Rxc7 Rxc7 25. Qxc7 Qb4 26. Qc3 Qb6 27. g3
Rf8 28. Qc6 Qa5 29. Qc2 Qb4 30. Qc3 Qa3 31. Rc2 Nd6 32. Qc5 Nb5 33. Qxa3 Nxa3
34. Rc6 Ra8 35. Nc3 Nc2 36. Ne2 Nb4 37. Rb6 Nxa2 38. Kf1 a5 39. Ke1 Nb4 40. Kd2
Rc8 41. Nc3 Nc6 42. Nb5 Nb4 43. Nc3 Nc6 44. Ke3 Kh7 45. Ra6 Kg6 46. Na4 Nb4 47.
Rxa5 Nc2+ 48. Kd2 Nxd4 49. b4 Nb3+ 50. Ke3 Nxa5 51. bxa5 Ra8 52. Nc5 Rxa5 53.
Nd7 f6 54. g4 Ra1 55. Nf8+ Kf7 56. Nd7 Rh1 57. f5 exf5 58. gxf5 Rxh2 59. Nb6 Rh5
60. Kf4 d4 61. Nc8 Rh4+ 62. Kf3 g6 63. Nd6+ Kg7 64. Ne8+ Kf8 65. Nxf6 gxf5 66.
Nd5 Kf7 67. Nf4 Kf6 68. Nd5+ Kg5 69. Ne7 Rh3+ 70. Ke2 Rh1 71. Nd5 h5 72. Kf3 h4
73. Kg2 Rd1 74. Nb4 Rb1 75. Nc6 Rb3 76. Nxd4 Rxd3 77. Nf3+ Kf4 78. Nxh4 Ra3 79.
Ng6+ Kg5 80. Ne5 Ra5 81. Nf3+ Kg4 82. Nh2+ Kf4 83. Nf3 Ra3 84. Nh4 Kg4 85. Ng6
f4 86. Ne5+ Kf5 87. Nc4 Rc3 88. Nd6+ Kg4 89. Ne4 f3+ 0-1

[Event "Titled Tue 27th May Late"]
[Site "chess.com INT"]
[Date "2025.05.27"]
[Round "3"]
[White "Gasparyan, Erik R."]
[Black "Bortnyk, Olexandr"]
[Result "1-0"]
[WhiteTitle "IM"]
[BlackTitle "GM"]
[WhiteElo "2372"]
[BlackElo "2601"]
[WhiteFideId "13315730"]
[BlackFideId "14120828"]
[EventDate "2025.05.27"]

1. Nf3 Nf6 2. b3 b6 3. Bb2 Bb7 4. e3 g6 5. Be2 Bg7 6. O-O O-O 7. d4 e6 8. c4 d5
9. Nbd2 Qe7 10. Rc1 c5 11. Qc2 Na6 12. Rfd1 Rac8 13. Qb1 Rfd8 14. Qa1 cxd4 15.
Bxd4 dxc4 16. Nxc4 Nc5 17. Nfe5 Nfe4 18. f3 Nf6 19. b4 Ncd7 20. a3 Nxe5 21. Bxe5
Ne8 22. Bxg7 Nxg7 23. Qe5 Bd5 24. Nb2 f6 25. Qg3 Bb3 26. Rxd8+ Qxd8 27. Qe1 Nf5
28. Kf2 Rxc1 29. Qxc1 Qd6 30. Qc3 Qxh2 31. Qxb3 Qh4+ 32. Kf1 Ng3+ 33. Ke1 Ne4+
34. Kd1 Ng5 35. Qc4 Qh1+ 36. Bf1 Qg1 37. Ke2 h5 38. Nd3 Qh2 39. Nf4 Kg7 40.
Nxe6+ Nxe6 41. Qxe6 Qc7 42. Qb3 h4 43. Qd3 Qh2 44. Kf2 Qg3+ 45. Ke2 Qh2 46. Qd4
h3 47. Qd7+ Kf8 48. Qxh3 Qd6 49. Qg4 Kg7 50. Qd4 Qc7 51. Kf2 a5 52. bxa5 bxa5
53. a4 Qc2+ 54. Be2 Qa2 55. Qc4 Qb2 56. Qc7+ Kh6 57. Qxa5 f5 58. Qd5 Qf6 59. a5
Qh4+ 60. Kf1 Qh1+ 61. Kf2 Qh4+ 62. g3 Qh2+ 63. Ke1 Qxg3+ 64. Kd2 Qb8 65. a6 Qb4+
66. Kc2 Qa4+ 67. Qb3 Qa1 68. Kd2 Qa5+ 69. Qc3 Qa2+ 70. Ke1 Qb1+ 71. Kf2 Qh1 72.
Qd4 Qh2+ 73. Ke1 Qg1+ 74. Kd2 Qb1 75. a7 Qa2+ 76. Ke1 Kh7 77. Kf2 f4 78. Qxf4
Qxa7 79. Qe4 Qa2 80. Kf1 Qa1+ 81. Kf2 Qa2 82. Qd3 Qb2 83. f4 Qa2 84. Qe4 Qb2 85.
Kf3 Qa1 86. Bd3 Qh1+ 87. Ke2 Qh2+ 88. Kd1 Qg1+ 89. Kc2 Kh8 90. Qe8+ Kg7 91.
Qxg6+ Kh8 92. Qh7# 1-0

[Event "Titled Tue 27th May Late"]
[Site "chess.com INT"]
[Date "2025.05.27"]
[Round "3"]
[White "Przybylski, Wojciech"]
[Black "Petrus, Adrian"]
[Result "1-0"]
[WhiteTitle "FM"]
[BlackTitle "CM"]
[WhiteElo "2340"]
[BlackElo "2203"]
[WhiteFideId "1117599"]
[BlackFideId "14573652"]
[EventDate "2025.05.27"]

1. d4 Nf6 2. c4 e6 3. Nc3 Bb4 4. a3 Bxc3+ 5. bxc3 O-O 6. g3 c5 7. Bg2 d6 8. Nf3
Nc6 9. O-O b6 10. d5 Na5 11. dxe6 fxe6 12. Nd2 Rb8 13. e4 Ba6 14. Qe2 d5 15.
exd5 exd5 16. Qe6+ Kh8 17. cxd5 Bxf1 18. Nxf1 Re8 19. Qf5 Nc4 20. Bg5 Nd6 21.
Qd3 h6 22. Bf4 Qd7 23. c4 a6 24. a4 Re7 25. Ne3 Rbe8 26. Bf3 b5 27. axb5 axb5
28. Bxd6 Qxd6 29. cxb5 Rb7 30. Ra6 Qd7 31. Rc6 Reb8 32. Rxc5 Rxb5 33. Rc6 R5b6
34. Qf5 Qxf5 35. Nxf5 Rxc6 36. dxc6 Rc8 37. Nd6 Rc7 38. Nb5 Rc8 39. h4 Ne8 40.
Kg2 Nc7 41. Nd6 Rb8 42. h5 Kg8 43. Nf5 Kf8 44. Nd4 Rb4 45. Ne2 Rc4 46. Nf4 Rc5
47. g4 Kf7 48. Kg3 Kf6 49. Be4 Nb5 50. Nd3 Rc3 51. Kf4 Nd4 52. Nb4 Rc4 53. Nd5+
Kf7 54. Ne3 Ne6+ 55. Ke5 Ng5 56. Bd5+ Ke7 57. Bxc4 Nf3+ 58. Kf4 Nd4 59. Bd5 Kd6
60. Be4 Ne6+ 61. Kf5 Nf8 62. f4 Ne6 63. Nc4+ Ke7 64. g5 hxg5 65. fxg5 Nd4+ 66.
Kg4 Ne6 67. h6 gxh6 68. gxh6 Kf7 69. Nd6+ Kg8 70. Nf5 Kh8 71. Nh4 Nc7 72. Nf3
Ne8 73. Bf5 Nf6+ 74. Kg5 Nd5 75. Ne5 Nc7 76. Nc4 Ne8 77. Kf4 Nc7 78. Ke5 Nb5 79.
Nd6 Na7 80. Kd5 Nxc6 81. Kxc6 Kg8 82. Kd5 Kf8 83. Ke5 Kg8 84. Kf4 Kh8 85. Kg5
Kg8 86. Kf6 Kh8 87. Bg6 Kg8 88. h7+ Kh8 89. Nf7# 1-0

[Event "Titled Tue 27th May Late"]
[Site "chess.com INT"]
[Date "2025.05.27"]
[Round "3"]
[White "Kilic, Eray"]
[Black "Barria, Jose"]
[Result "0-1"]
[WhiteTitle "IM"]
[BlackTitle "FM"]
[WhiteElo "2469"]
[BlackElo "2379"]
[WhiteFideId "44517173"]
[BlackFideId "1939300"]
[EventDate "2025.05.27"]

1. e4 c5 2. c3 d5 3. exd5 Qxd5 4. d4 Nf6 5. Nf3 e6 6. Be3 cxd4 7. cxd4 Bb4+ 8.
Nc3 O-O 9. Bd3 b6 10. O-O Bxc3 11. bxc3 Ba6 12. Re1 Bxd3 13. Qxd3 Nbd7 14. c4
Qe4 15. Qb3 Rac8 16. Rac1 Qc6 17. Qa3 Rfd8 18. h3 Qb7 19. Bg5 h6 20. Bh4 Re8 21.
Re3 Ne4 22. Rce1 Nef6 23. Qd3 a6 24. Rd1 b5 25. c5 Nd5 26. Ree1 b4 27. Rb1 a5
28. Nd2 Ra8 29. Ne4 Qa6 30. Qf3 Rf8 31. Rec1 Rac8 32. Nd6 Rc6 33. Bg3 a4 34. Nc4
Nc3 35. Rxc3 bxc3 36. Qxc3 Rfc8 37. Qb4 Nf6 38. Nd6 Rd8 39. Qd2 Ne8 40. Nb7 Rd7
41. Qb4 Qd3 42. Bd6 Nxd6 43. Nxd6 a3 44. Re1 Rd8 45. Qb7 Rcxd6 46. cxd6 Qxd4 47.
Rc1 Qxd6 48. Rc7 Qd1+ 49. Kh2 Qd6+ 50. g3 Rf8 51. Qa7 Qd2 52. Qc5 Qxa2 53. Ra7
Qd5 54. Qxa3 Qf5 55. Qe3 Qf6 56. Ra4 g5 57. h4 Rd8 58. Rg4 Rd5 59. hxg5 Rxg5 60.
Re4 Rf5 61. Kg2 Rg5 62. Rf4 Qg7 63. Rh4 Qg6 64. Rf4 Rf5 65. Rh4 h5 66. Rd4 Qg5
67. Qe4 Kg7 68. Rd7 Rf6 69. Qd4 Qf5 70. Rd8 Qf3+ 71. Kg1 e5 72. Qc5 Qf5 73. Qf8+
Kg6 74. Qg8+ Kh6 75. Qh8+ Kg5 76. Rd2 Rg6 77. Qd8+ Qf6 78. Qd5 Kh6 79. Qa8 Kg7
80. Rd8 Kh7 81. Rf8 h4 82. Qd5 Kg7 83. Qa8 hxg3 84. Rg8+ Kh7 85. fxg3 Rxg8 86.
Qe4+ Qg6 87. Qh4+ Kg7 88. Qh3 Rh8 89. Qg2 Rh5 90. Qf2 Rg5 91. Kh2 Rxg3 92. Qxg3
Qxg3+ 93. Kxg3 Kf6 94. Kf3 Ke6 95. Ke3 f5 96. Ke2 e4 97. Ke3 Ke5 98. Ke2 f4 99.
Ke1 e3 100. Ke2 Ke4 101. Ke1 f3 102. Kf1 Kd3 103. Ke1 e2 104. Kf2 Kd2 0-1

[Event "Titled Tue 27th May Late"]
[Site "chess.com INT"]
[Date "2025.05.27"]
[Round "3"]
[White "Miranda Camus, Joaquin Ignacio"]
[Black "Hasman, Cengiz"]
[Result "1-0"]
[WhiteTitle "FM"]
[WhiteElo "2196"]
[BlackElo "2079"]
[WhiteFideId "3449300"]
[BlackFideId "413364"]
[EventDate "2025.05.27"]

1. Nf3 Nf6 2. g3 g6 3. Bg2 Bg7 4. O-O O-O 5. d3 d5 6. Nbd2 c5 7. c3 Nc6 8. e4 e5
9. exd5 Nxd5 10. Re1 f6 11. a4 Be6 12. Nc4 b6 13. Qc2 Qd7 14. Bd2 Rad8 15. Rad1
Bg4 16. Ne3 Nxe3 17. Bxe3 Qf5 18. Nh4 Qh5 19. Bxc6 Bxd1 20. Qxd1 Qxd1 21. Rxd1
c4 22. d4 exd4 23. Rxd4 Rxd4 24. Bxd4 Rd8 25. Bb5 Rc8 26. Bd7 Rc7 27. Be6+ Kf8
28. f4 f5 29. Nf3 Bxd4+ 30. Nxd4 Ke7 31. Kf2 a6 32. Ke3 Rc5 33. Bg8 h6 34. h3
Kf8 35. Be6 Ke7 36. g4 fxg4 37. Bxg4 Kf6 38. Bf3 Ra5 39. Bc6 Rh5 40. Bg2 Ra5 41.
Bc6 g5 42. f5 h5 43. Kf3 Re5 44. Bb7 Re1 45. Bxa6 Rb1 46. Bxc4 Rxb2 47. Be6 Rh2
48. Kg3 Rh1 49. c4 Rc1 50. Nb5 Rb1 51. Nc7 Rb3+ 52. Kg2 Ra3 53. Nd5+ Ke5 54.
Nxb6 Kf4 55. Nd5+ Ke5 56. Bf7 Ra2+ 57. Kf3 Ra3+ 58. Kg2 Kxf5 59. Bxh5 Ra2+ 60.
Kg3 Rxa4 61. Bf3 Ra3 62. Kg2 Ra2+ 63. Kg3 Ra3 64. Kg2 Ke5 65. Ne7 Kf6 66. Nd5+
Kg6 67. Kg3 Ra1 68. Be4+ Kh6 69. Ne3 Re1 70. Ng4+ Kg7 71. Bd5 Rd1 72. Kf3 Rc1
73. Ke4 Kg6 74. Ne5+ Kh5 75. Nd3 Ra1 76. c5 Kh4 77. Be6 Ra8 78. c6 Ra4+ 79. Kd5
Ra3 80. Nc5 Ra1 81. c7 Rd1+ 82. Kc6 g4 83. c8=Q gxh3 84. Qh8+ Kg5 85. Qg7+ Kf4
86. Qg4+ Ke3 87. Qxd1 h2 88. Bd5 Kf2 89. Qh1 Kg3 90. Nd3 Kh3 91. Nb2 Kg3 92. Na4
Kh3 93. Ba2 Kg3 94. Kd5 Kh3 95. Kd4 Kg3 96. Kd3 Kh3 97. Ke2 Kg3 98. Kf1 Kh3 99.
Kf2 Kg4 100. Qxh2 Kf5 101. Qh5+ Ke4 102. Qg4+ Kd3 103. Nc5+ Kc2 104. Qe2+ Kc3
105. Qc4+ Kb2 106. Nd3+ Ka1 107. Qc1+ Kxa2 108. Qb2# 1-0

[Event "Titled Tue 27th May Late"]
[Site "chess.com INT"]
[Date "2025.05.27"]
[Round "3"]
[White "Panarin, Mikhail"]
[Black "Sarana, Alexey"]
[Result "1-0"]
[WhiteTitle "GM"]
[BlackTitle "GM"]
[WhiteElo "2562"]
[BlackElo "2686"]
[WhiteFideId "4153251"]
[BlackFideId "24133795"]
[EventDate "2025.05.27"]

1. e4 c5 2. Nf3 d6 3. d4 cxd4 4. Nxd4 Nf6 5. Nc3 a6 6. Bd3 g6 7. f3 Nc6 8. Nxc6
bxc6 9. b3 Bg7 10. Bb2 Nd7 11. Qd2 Nc5 12. Nd1 Bxb2 13. Nxb2 O-O 14. h4 e5 15.
h5 g5 16. h6 Kh8 17. O-O-O f6 18. Bc4 Nb7 19. g3 a5 20. a4 Qe7 21. f4 Bg4 22.
Rde1 Nc5 23. Nd3 Nxe4 24. Rxe4 d5 25. Nxe5 Qa3+ 26. Kb1 Bf5 27. Rhe1 Bxe4 28.
Rxe4 fxe5 29. Rxe5 Qd6 30. Bd3 gxf4 31. gxf4 Qxh6 32. Re7 Rf6 33. Kb2 Kg8 34.
Rxh7 Qxh7 35. Bxh7+ Kxh7 36. Qc3 Kg6 37. Qe5 Raf8 38. Qg5+ Kf7 39. f5 Ke7 40.
Qe3+ Kd6 41. Qf4+ Kd7 42. Qd2 Ra8 43. Qd3 Kd6 44. Qg3+ Ke7 45. Qe5+ Kf7 46. Qc7+
Kg8 47. Qb7 Re8 48. Qd7 Ref8 49. b4 axb4 50. a5 R8f7 51. Qc8+ Kg7 52. a6 c5 53.
Qxc5 Rxa6 54. Qxd5 Rb6 55. Qd4+ Rff6 56. Qe5 Kf7 57. Kb3 Kf8 58. Qc5+ Kg7 59.
Qg1+ Kh6 60. Qg4 Rbc6 61. Qh4+ Kg7 62. Qg3+ Kf7 63. Qe5 Rc3+ 64. Kb2 Rcc6 65.
Qe4 Rc5 66. Qb7+ Kg8 67. Qa8+ Rf8 68. Qg2+ Kh8 69. Qh3+ Kg8 70. Qg2+ Kh8 71.
Qh1+ Kg8 72. Qg1+ Kf7 73. Qxc5 Re8 74. Qxb4 Re7 75. Qc4+ Kf6 76. Qd5 Re5 77.
Qd6+ Kxf5 78. c4 Re6 79. Qd5+ Kf6 80. Kc3 Re5 81. Qd4 Ke6 82. c5 Rd5 83. Qe4+
Re5 84. Qc6+ Kf7 85. Qd6 Re6 86. Qd5 Ke7 87. Kc4 Re1 88. Kb5 Rb1+ 89. Kc6 Re1
90. Qd6+ Ke8 91. Kb6 Rb1+ 92. Kc7 Re1 93. c6 Re7+ 94. Qxe7+ Kxe7 95. Kb7 1-0

[Event "Titled Tue 27th May Late"]
[Site "chess.com INT"]
[Date "2025.05.27"]
[Round "3"]
[White "Alvarado, Carlos"]
[Black "Sydoryka, Vladyslav"]
[Result "1/2-1/2"]
[WhiteTitle "CM"]
[BlackTitle "FM"]
[WhiteElo "2032"]
[BlackElo "2224"]
[WhiteFideId "3800555"]
[BlackFideId "14145928"]
[EventDate "2025.05.27"]

1. Nf3 d5 2. b3 Bg4 3. Bb2 Bxf3 4. exf3 Nf6 5. g3 h5 6. h4 g6 7. Bh3 Bg7 8. O-O
a5 9. Nc3 O-O 10. Re1 e6 11. Ne2 a4 12. Nf4 c5 13. Bxe6 fxe6 14. Nxe6 Qd6 15.
Nxf8 Qxf8 16. bxa4 d4 17. Rb1 Nc6 18. c3 Kh7 19. cxd4 cxd4 20. Ba1 Qf7 21. Rb5
Rd8 22. Kg2 Rd7 23. Qb3 Nd5 24. Re4 Qf5 25. Rxb7 Na5 26. Rxd7 Nxb3 27. Rxd5 Qxd5
28. axb3 Kg8 29. b4 Qc4 30. b5 Qxa4 31. b6 Qb4 32. b7 Qxb7 33. Bxd4 Bf8 34. Be3
Kf7 35. Rf4+ Kg8 36. Re4 Qd5 37. Rd4 Qf7 38. Rf4 Qe6 39. Re4 Qc6 40. Rf4 Be7 41.
Re4 Bf6 42. Rf4 Qd6 43. Re4 Kh7 44. Rf4 Be5 45. Re4 Kg8 46. Bf4 Bxf4 47. Rxf4
Qxd2 48. Re4 Qd7 49. Rf4 Kg7 50. Re4 Qf5 51. Rf4 Qd5 52. Re4 Qd3 53. Re3 Qd2 54.
Re4 Kf6 55. Rf4+ Ke6 56. Re4+ Kd5 57. Rf4 Qd1 58. Re4 Qc1 59. Rf4 Qb1 60. Re4
Qb7 61. Rf4 Qg7 62. Re4 g5 63. hxg5 Qxg5 64. Rf4 Ke5 65. Rh4 Kf6 66. Rf4+ Ke7
67. Rh4 Kd6 68. Re4 Qg6 69. Rh4 Kc5 70. Re4 Qc6 71. Rf4 Kd5 72. Rh4 Ke5 73.
Rxh5+ Kd4 74. Rh4+ Kd3 75. Re4 Qg6 76. Re3+ Kd2 77. Re4 Qg5 78. Re3 Qf5 79. Re4
Qf6 80. Re3 Qa1 81. Re4 Qc1 82. Re3 Qc2 83. Re4 Qc8 84. Re3 Qh8 85. Re4 Qh7 86.
Re3 Qh6 87. Re4 Kd3 88. Re3+ Kd4 89. Re4+ Kd5 90. Re3 Qa6 91. Re4 Qa1 92. Re3
Qd1 93. Re4 Kd6 94. Re3 Kc5 95. Re4 Kc6 96. Re3 Qa1 97. Re4 Kd5 98. Re3 Qa8 99.
Re4 Kc5 100. Re3 Kd4 101. Re4+ Kd3 102. Re3+ Kd2 103. Re4 Qd5 104. Re3 Qh5 105.
Re4 Qh8 106. Re3 Qg8 107. Re4 Qg5 108. Re3 Kc2 109. Re4 Kd3 110. Re3+ Kd4 111.
Re4+ Kd5 112. Re3 Qg7 113. Re4 Kd6 114. Re3 Qh6 115. Re4 Qh8 116. Re3 Qa1 117.
Re4 Qd1 118. Re3 Qc1 119. Re4 Kd7 120. Re3 Qb2 121. Re4 Qc3 122. Re3 Qc6 123.
Re4 1/2-1/2

[Event "Titled Tue 27th May Late"]
[Site "chess.com INT"]
[Date "2025.05.27"]
[Round "3"]
[White "Barseghyan, Armen Ar."]
[Black "Garbuz, Vitaliy"]
[Result "1-0"]
[WhiteTitle "IM"]
[BlackTitle "CM"]
[WhiteElo "2348"]
[BlackElo "2224"]
[WhiteFideId "13306707"]
[BlackFideId "12990710"]
[EventDate "2025.05.27"]

1. Nf3 d5 2. g3 Nf6 3. Bg2 Bf5 4. O-O c6 5. d3 h6 6. b3 e6 7. Bb2 Nbd7 8. c4 Be7
9. Nbd2 O-O 10. a3 a5 11. Re1 Nc5 12. b4 axb4 13. axb4 Na6 14. b5 cxb5 15. cxb5
Nc5 16. Nd4 Bh7 17. N2b3 Na4 18. Qd2 Nxb2 19. Qxb2 Bb4 20. Rxa8 Qxa8 21. Ra1 Qd8
22. h3 Qb6 23. Qc2 Nd7 24. Ra4 Bd6 25. Qa2 Nc5 26. Ra8 Nxb3 27. Nxb3 Qxb5 28.
Nd4 Qb6 29. Nf3 Bxg3 30. Rxf8+ Kxf8 31. Qa8+ Ke7 32. d4 Bd6 33. Qh8 Qb1+ 34. Bf1
Be4 35. Qxg7 Bxf3 36. exf3 Qg6+ 37. Qxg6 fxg6 38. Bd3 g5 39. Kf1 Ba3 40. Ke2 Bb2
41. Ke3 Kd6 42. Bb5 Kc7 43. Kd3 Kd6 44. Be8 e5 45. dxe5+ Kxe5 46. Bf7 b5 47. Be8
b4 48. Ba4 Bd4 49. Ke2 Bc5 50. Bb3 Kd4 51. Kd2 Ke5 52. Ke2 Bb6 53. Ba2 Kd4 54.
Kd2 Bc5 55. Bb3 Bb6 56. Ba2 Ba5 57. Bb3 Kc5 58. Kd3 Kd6 59. Kd2 Ke5 60. Kd3 Bb6
61. Ke2 Kd4 62. Ba2 Bc7 63. Kd2 Bf4+ 64. Kc2 Kc5 65. Kd3 Be5 66. Bb3 Bd4 67. Ke2
Bc3 68. Kd3 Be5 69. Ke2 Kd4 70. Kd2 Bf4+ 71. Kc2 h5 72. Ba2 Be5 73. Kd2 Bh2 74.
Bb3 Bg1 75. Ke2 Kc3 76. Bxd5 Kb2 77. h4 gxh4 78. f4 h3 79. f5 Bh2 80. f6 Bd6 81.
Kf3 h2 82. Kg2 Kc3 83. f7 Kd4 84. Bb3 Ke5 85. Kxh2 Kd4+ 86. Kh3 Be7 87. Kg3 h4+
88. Kg4 Kc3 89. Bd5 b3 90. f4 b2 91. Be4 Kd4 92. Bb1 Ke3 93. f5 Kf2 94. f6 Bf8
95. Kxh4 Ke3 96. Kg5 Kd4 97. Kg6 Ke5 98. Bc2 Ke6 99. Bb1 Ke5 100. Ba2 Kd6 101.
Kh7 1-0

[Event "Titled Tue 27th May Late"]
[Site "chess.com INT"]
[Date "2025.05.27"]
[Round "4"]
[White "Gutierrez Olivares, Daniel"]
[Black "Lavorgna, Giovanni"]
[Result "1-0"]
[WhiteTitle "FM"]
[BlackTitle "CM"]
[WhiteElo "2354"]
[BlackElo "1902"]
[WhiteFideId "2264005"]
[BlackFideId "11800100"]
[EventDate "2025.05.27"]

1. Nf3 c5 2. g3 Nf6 3. Bg2 g6 4. O-O Bg7 5. d3 O-O 6. Nbd2 d6 7. e4 Nc6 8. c3
Rb8 9. d4 cxd4 10. cxd4 e5 11. Re1 Qe7 12. b3 exd4 13. Ba3 Be6 14. e5 dxe5 15.
Bxe7 1-0

[Event "Titled Tue 27th May Late"]
[Site "chess.com INT"]
[Date "2025.05.27"]
[Round "4"]
[White "Aradhya, Garg"]
[Black "Herrera Ortiz, Miguel"]
[Result "1-0"]
[WhiteTitle "IM"]
[BlackTitle "IM"]
[WhiteElo "2383"]
[BlackElo "2174"]
[WhiteFideId "25006746"]
[BlackFideId "5100550"]
[EventDate "2025.05.27"]

1. d4 e6 2. c4 f5 3. g3 Nf6 4. Bg2 Be7 5. Nh3 O-O 6. O-O d6 7. Nc3 Qe8 8. Re1 e5
9. dxe5 dxe5 10. Nd5 Bd8 11. Bg5 c6 12. Bxf6 Bxf6 13. Nc7 Qe7 14. Nxa8 b6 15. e4
fxe4 16. Bxe4 Bxh3 17. Qh5 1-0

[Event "Titled Tue 27th May Late"]
[Site "chess.com INT"]
[Date "2025.05.27"]
[Round "4"]
[White "Ghimoyan, Narek"]
[Black "Efimov, Leonid"]
[Result "1-0"]
[WhiteTitle "CM"]
[BlackTitle "FM"]
[WhiteElo "2273"]
[BlackElo "2260"]
[WhiteFideId "13315412"]
[BlackFideId "54165725"]
[EventDate "2025.05.27"]

1. d4 d5 2. Nc3 Nf6 3. Bf4 c5 4. e3 cxd4 5. exd4 Bg4 6. Be2 Bxe2 7. Ncxe2 Nc6 8.
Nf3 e6 9. c3 Bd6 10. O-O Bxf4 11. Nxf4 O-O 12. Nd3 b5 13. a4 a6 14. axb5 axb5
15. b4 Ne4 16. Qb3 Qb6 17. Qb2 h6 18. h3 Rfc8 19. Rfb1 Ne7 20. Nc5 Nf5 21. Ne5
Nfd6 22. f3 Nc4 23. Nxc4 dxc4 24. fxe4 1-0

[Event "Titled Tue 27th May Late"]
[Site "chess.com INT"]
[Date "2025.05.27"]
[Round "4"]
[White "Shukhman, Anna"]
[Black "Movahed, Sina"]
[Result "0-1"]
[WhiteTitle "WGM"]
[BlackTitle "GM"]
[WhiteElo "2413"]
[BlackElo "2518"]
[WhiteFideId "54180058"]
[BlackFideId "42520835"]
[EventDate "2025.05.27"]

1. e4 c5 2. Nf3 e6 3. d4 cxd4 4. Nxd4 Nc6 5. Nc3 a6 6. Be3 Nge7 7. Qd2 b5 8. g4
Bb7 9. Bg2 Ne5 10. Qe2 Rc8 11. f4 Nc4 12. Bc1 Ng6 13. g5 Qb6 14. Nf3 Bd6 15. e5
Bb4 16. a3 Nxa3 17. Rxa3 Bxa3 18. Ne4 Bxe4 19. Qxe4 Rc4 20. Qa8+ Ke7 0-1

[Event "Titled Tue 27th May Late"]
[Site "chess.com INT"]
[Date "2025.05.27"]
[Round "4"]
[White "Lisenkov, Svyatoslav"]
[Black "Aliyev, Elnur"]
[Result "1-0"]
[WhiteTitle "CM"]
[BlackTitle "CM"]
[WhiteElo "2241"]
[BlackElo "2155"]
[WhiteFideId "34264183"]
[BlackFideId "13402617"]
[EventDate "2025.05.27"]

1. e4 c5 2. Nf3 Nc6 3. Bb5 g6 4. O-O Bg7 5. Re1 Nf6 6. e5 Nd5 7. Nc3 Nc7 8. Bxc6
dxc6 9. Ne4 b6 10. Nf6+ Kf8 11. Ne4 Bh6 12. d4 Bxc1 13. Qxc1 cxd4 14. Qh6+ Kg8
15. Nxd4 Ne6 16. Nxc6 Qc7 17. Nxe7+ Qxe7 18. Nf6+ Qxf6 19. exf6 1-0

[Event "Titled Tue 27th May Late"]
[Site "chess.com INT"]
[Date "2025.05.27"]
[Round "4"]
[White "Vykouk, Jan"]
[Black "Bendayan Claros, Aaron"]
[Result "1-0"]
[WhiteTitle "IM"]
[BlackTitle "CM"]
[WhiteElo "2496"]
[BlackElo "2224"]
[WhiteFideId "349658"]
[BlackFideId "3803392"]
[EventDate "2025.05.27"]

1. e4 c6 2. d4 d5 3. Nc3 dxe4 4. Nxe4 Nf6 5. Nxf6+ exf6 6. Be3 Bd6 7. Bd3 O-O 8.
Ne2 Re8 9. c4 Nd7 10. O-O Nf8 11. Nc3 Ng6 12. Qc2 Bc7 13. c5 Be6 14. Rad1 Qd7
15. d5 Bxd5 16. Nxd5 cxd5 17. Bf5 Qc6 18. b4 Rad8 19. a4 a6 20. Bd3 Bf4 21. b5
Qc8 22. Bxg6 Bxe3 23. Bxh7+ Kh8 24. fxe3 g6 25. Bxg6 fxg6 26. Qxg6 1-0

[Event "Titled Tue 27th May Late"]
[Site "chess.com INT"]
[Date "2025.05.27"]
[Round "4"]
[White "Nicula, Marius"]
[Black "Krzywda, Andrzej"]
[Result "0-1"]
[WhiteTitle "FM"]
[BlackTitle "CM"]
[WhiteElo "2155"]
[BlackElo "2175"]
[WhiteFideId "1203096"]
[BlackFideId "1114565"]
[EventDate "2025.05.27"]

1. Nf3 c5 2. b3 d5 3. Bb2 Nf6 4. e3 g6 5. Bb5+ Nbd7 6. d3 Bg7 7. Nbd2 O-O 8.
Bxd7 Qxd7 9. O-O Re8 10. Ne5 Qc7 11. f4 Ng4 12. Qf3 Rf8 13. Nxg4 Bxb2 14. Rab1
Bc3 15. Rbd1 Qa5 16. Nb1 Bg7 17. Qxd5 Bxg4 0-1

[Event "Titled Tue 27th May Late"]
[Site "chess.com INT"]
[Date "2025.05.27"]
[Round "4"]
[White "Materia, Marco"]
[Black "Musial, Igor"]
[Result "1-0"]
[WhiteTitle "IM"]
[BlackTitle "FM"]
[WhiteElo "2489"]
[BlackElo "2304"]
[WhiteFideId "45150451"]
[BlackFideId "21858110"]
[EventDate "2025.05.27"]

1. Nf3 c5 2. c4 Nf6 3. g3 b6 4. Bg2 Bb7 5. O-O e6 6. Nc3 Be7 7. d4 cxd4 8. Qxd4
O-O 9. Bf4 d6 10. Qd2 a6 11. Rfd1 e5 12. Bg5 Nbd7 13. Nh4 Bxg2 14. Nxg2 Ne8 15.
Bxe7 Qxe7 16. Ne3 Rc8 17. Nf5 Qe6 18. Nxd6 Nxd6 19. Qxd6 Nc5 20. b3 1-0

[Event "Titled Tue 27th May Late"]
[Site "chess.com INT"]
[Date "2025.05.27"]
[Round "4"]
[White "Holinka, Henning"]
[Black "Montiel, Angel Nathanael"]
[Result "1-0"]
[WhiteTitle "FM"]
[BlackTitle "CM"]
[WhiteElo "2303"]
[BlackElo "2011"]
[WhiteFideId "12967084"]
[BlackFideId "3706923"]
[EventDate "2025.05.27"]

1. a4 e5 2. a5 a6 3. g3 d5 4. Bg2 Nf6 5. d3 c5 6. c4 dxc4 7. Qa4+ Bd7 8. Qxc4
Bc6 9. Nf3 Nbd7 10. O-O Be7 11. Nc3 O-O 12. Bg5 h6 13. Bxf6 Bxf6 14. Nd5 Re8 15.
Rfc1 g6 16. Nxf6+ Qxf6 17. Nd2 Bxg2 18. Kxg2 Rac8 19. Ne4 Qc6 20. b4 cxb4 21.
Qxb4 Qd5 22. f3 Kg7 23. Nd6 Rxc1 24. Nxe8+ 1-0